[Event "Lienz op-B 18th"]
[Site "Lienz"]
[Date "2015.02.11"]
[Round "6"]
[White "Pruell, Lukas"]
[Black "Egger, Oliver"]
[Result "1-0"]
[WhiteElo "1988"]
[BlackElo "1764"]
[PlyCount "51"]
[EventDate "2015.02.07"]
[EventType "swiss"]
[EventRounds "9"]
[EventCountry "AUT"]
[SourceTitle "CBM 165 Extra"]
[Source "ChessBase"]
[SourceDate "2015.04.21"]
[SourceVersion "1"]
[SourceVersionDate "2015.04.21"]
[SourceQuality "1"]

1. e4 e5 2. Nf3 Nc6 3. d4 exd4 4. Bc4 Nf6 5. e5 d5 6. Bb5 Nd7 7. 0-0 a6 8. Bxc6 bxc6 9. Nxd4 Nb8 10. e6 Bxe6 11. Nxe6 fxe6 12. Qh5+ Kd7 13. Re1 Bc5 14. Bg5 Qe8 15. Qe2 Rf8 16. Be3 Bxe3 17. Qxe3 Qf7 18. Nd2 a5 19. Nf3 Qf5 20. Nd4 Qf6 21. Nxe6 Na6 22. Nxf8+ Rxf8 23. c3 c5 24. Re2 d4 25. Rd1 Kc6 26. cxd4 1-0